000 00895cab a2200241 4500
001 X3439
008 090401t1996 xxu||||| |||| 00| 0 eng d
035 _a(Sirsi) u30516
041 _aeng
245 _aJohn Barker Construction Ltd v London Portman Hotel Ltd
260 _c1996
350 _a0
490 _aConstruction Industry Law Letter
_v[1996] CILL 1152-1155(4)
520 _aORB 16 April 1996. True interpretation of the Crouch decision - failure of architect to make retrospective delay analysis - contractual machinery broken down - damages for loss of a chance. (Headnote from journal).
650 _aACCELERATION AGREEMENT
650 _aCERTIFYING ARCHITECT
650 _aEXTENSION OF TIME
650 _aJCT 80
650 _aJOHN BARKER CONSTRUCTION LTD V LONDON PORTMAN HOTEL LTD
690 _aBUILDING AND CONSTRUCTION-CASE LAW
942 _n0
948 _c04/03/1997
999 _c20575
_d20575